000 00590cam a2200145 4500500
005 20260208002332.0
041 _afre
042 _adc
100 1 0 _aReichler, Claude
_eauthor
245 0 0 _aAndreas Motsch, Lafitau et l’émergence du discours ethnographique, Québec, Éditions du Septentrion – Paris, Presses de l’Université de Paris-Sorbonne, 2001, 295 p., bibl.
260 _c2005.
500 _a35
786 0 _nL'Homme | 173 | 1 | 2005-01-01 | p. 199a-283a | 0439-4216
856 4 1 _uhttps://shs.cairn.info/revue-l-homme-2005-1-page-199a?lang=fr&redirect-ssocas=7080
999 _c1645913
_d1645913